| 000 | 00511cam a22001577a 4500 | ||
|---|---|---|---|
| 008 | 180718b1966 xxu||||| |||| 00| 0 eng d | ||
| 082 | _aT25084 B293 | ||
| 100 | _aBass, Lwrence W. | ||
| 245 |
_aThe Management of technical progrema, with special reference to the needs of developing countries _cby Lwrence W. Bass |
||
| 260 |
_aNew York _bPraeger _c1966 |
||
| 300 | _a139p. | ||
| 500 | _aFirst Pub. 1965 | ||
| 650 | _aIndustrialization | ||
| 650 | _aNew products | ||
| 650 | _aResearch, Industrial --Management | ||
| 999 |
_c359025 _d359025 |
||